000 00960nam a2200265Ia 4500
003 OSt
005 20221005104933.0
006 a|||||r|||| 00| 0
007 ta
008 221004b |||||||| |||| 00| 0 hin d
020 _a8185999953 (hbk)
024 _a90376
037 _cTextual
040 _aCRL
_cCRL
_bhin
041 _2hin
_ahin
082 _aO152,6M83:g, M4;P6
100 _aपालीवाल, कृष्णदत्त
245 0 _aआचार्य रामचन्द्र शुक्ल का चिन्तन जगत्
246 _aĀchārya rāmachandra shukla kā chintan jagat
260 _aदिल्ली
_bस्वराज प्रकाशन भारत
_c2006
300 _a432पृ0
_ccm.
650 _aहिन्दी साहित्य
942 _hO152,6M83:g, M4;P6
_cTEXL
_2cc
999 _c1014251
_d1014251